000 01173nam a2200277 a 4500
001 000023482
003 DO-SdBNP
005 20251113092030.0
008 880701s1979 xxu b 000 1 spa d
040 _aDO-SdBNP
_bspa
_cBNPHU
082 _a027.7
_bW746b
100 1 _aWilson, Louis R.
_948381
240 1 4 _aThe university library: the organization, administration, and functions of academic libraries.
_lEspañol
245 1 3 _aLa biblioteca universitaria :
_bsu organización, administración y funciones /
_cLouis R. Wilson y Maurice F. Tauber ; traducción Jorge Aguayo.
260 _aWashington, D. C. :
_bSecretaría General, Organización de los Estados Americanos,
_c1979.
300 _a389 p. ;
_c21 cm.
490 1 _aManuales del bibliotecario.
_v4
504 _aBibliografía : 375-377 p.
505 0 _aIncluye índice.
534 _aVersión española :
_tThe university library: the organization, administration, and functions of academic libraries
650 0 _aBibliotecas académicas
_948382
650 4 _aAdministración de bibliotecas
_948383
700 1 _aTauber, Maurice F.
_948384
700 1 _aAguayo, Jorge,
_etr.
_948385
942 _2ddc
_cLBS1
999 _c22978
_d22978